00523nam a22001817a 4500003000400000005001700004020001900021082001800040100002100058245002900079250000800108260005700116300001000173650001800183942001200201952011100213999001700324SGT20260602153909.0 a978-9351524403 a617.643bO15S a Singh Gurkeerat aTextbook Of Orthodontics a3RD aNEW DELHI bJaypee Brothers Medical Publishersc2015 a1-714 a Orthodontics 2ddccBK 00102ddc4070aFDbFDd2026-06-02iSGTUl0o617.643 O15SpFD10232r2026-06-02 15:39:32w2026-06-02yBKk c34936d34936